[Event "Reykjavik Open 2018"]
[Site "Reykjavik ISL"]
[Date "2018.03.08"]
[Round "4.7"]
[White "Fernandez, Daniel Howard"]
[Black "Can, Emre"]
[Result "0-1"]
[WhiteTitle "GM"]
[BlackTitle "GM"]
[WhiteElo "2505"]
[BlackElo "2603"]
[WhiteFideId "5801605"]
[BlackFideId "6302181"]
[EventDate "2018.03.06"]

1. Nf3 c5 2. c3 Nf6 3. d4 Qa5 4. e3 g6 5. Bd3 Bg7 6. O-O d5 7. b4 cxb4 8. cxb4
Qxb4 9. Ne5 Qa5 10. Qb3 Qb6 11. Qa4+ Bd7 12. Nxd7 Nbxd7 13. Ba3 Qd8 14. Nd2 a6
15. Rfc1 b5 16. Qb4 Nb6 17. Be2 Ra7 18. Qa5 Nc4 19. Nxc4 bxc4 20. Qxd8+ Kxd8 21.
Rab1 Kd7 22. Bd1 Rc8 23. Ba4+ Kd8 24. Bc5 Rxc5 25. dxc5 Ne4 26. Rb8+ Kc7 27. Rg8
Bf6 28. Be8 Nxc5 29. Bxf7 e6 30. Rb1 c3 31. Rbb8 Kd6 32. Rgc8 Rc7 33. Rxc7 Kxc7
34. Rb1 Nd3 35. Bxe6 c2 36. Rf1 Kd6 37. Bg8 Bc3 38. Bxh7 Ne1 0-1

[Event "Reykjavik Open 2018"]
[Site "Reykjavik ISL"]
[Date "2018.03.08"]
[Round "4.8"]
[White "Lenderman, Aleksandr"]
[Black "Praggnanandhaa, R"]
[Result "1-0"]
[WhiteTitle "GM"]
[BlackTitle "IM"]
[WhiteElo "2600"]
[BlackElo "2507"]
[WhiteFideId "2021285"]
[BlackFideId "25059530"]
[EventDate "2018.03.06"]

1. d4 Nf6 2. c4 e6 3. Nf3 d5 4. g3 dxc4 5. Bg2 c5 6. O-O Nc6 7. Qa4 Bd7 8. Qxc4
b5 9. Qd3 Rc8 10. dxc5 Bxc5 11. Nc3 b4 12. Ne4 Nxe4 13. Qxe4 O-O 14. Rd1 Qe7 15.
Be3 Bxe3 16. Qxe3 Rfd8 17. Nd2 Be8 18. Nb3 h6 19. h4 Rxd1+ 20. Rxd1 Rd8 21. Rc1
Qd6 22. Qc5 Qxc5 23. Rxc5 Ne7 24. Rc7 Rd7 25. Rc1 Rd8 26. Bb7 Bb5 27. Kf1 Kf8
28. Ke1 Ke8 29. Nc5 Rb8 30. a3 bxa3 31. bxa3 Kf8 32. e4 e5 33. Rd1 Ke8 34. Rc1
Kf8 35. Kd2 Rd8+ 36. Ke3 Rd6 37. a4 Bc6 38. Rb1 Ke8 39. Ba6 Rd8 40. a5 Rd6 41.
Bc4 Rd8 42. Ba2 Ba8 43. a6 h5 44. f3 Rc8 45. Nd3 Ng6 46. Rb4 Ke7 47. Rb5 Bc6 48.
Ra5 f6 49. f4 exf4+ 50. gxf4 Nxh4 51. Rxh5 Ng2+ 52. Kd4 Rd8+ 53. Bd5 Bb5 54. Rh2
Bxd3 55. Rxg2 Bxa6 56. Rxg7+ Ke8 57. Rxa7 Be2 58. Kc5 Rb8 59. Kc6 Bd3 60. Rh7
Rb4 61. Kd6 Rb6+ 62. Kc5 Ra6 63. Rb7 Kf8 64. Kd4 Bf1 65. Rb1 Be2 66. Rb8+ Ke7
67. Rb7+ Ke8 68. Ke3 Bf1 69. Rb1 Ra3+ 70. Kd4 Be2 71. f5 Ra6 72. Ke3 Bg4 73. Bc4
Ra3+ 74. Kd4 Bf3 75. Rb6 Ra4 76. Rxf6 Be2 77. Rc6 Kd7 78. Rc5 Kd6 79. e5+ Kd7
80. f6 Bg4 81. Ke3 Rb4 82. Bd5 Be6 83. Rc6 Bxd5 84. Rd6+ Ke8 85. Rxd5 Kf7 86.
Rd7+ Kg6 87. Rg7+ Kh6 88. Rg8 Rb7 89. Ke4 1-0

[Event "Reykjavik Open 2018"]
[Site "Reykjavik ISL"]
[Date "2018.03.08"]
[Round "4.9"]
[White "Abdusattorov, Nodirbek"]
[Black "Lagarde, Maxime"]
[Result "1/2-1/2"]
[WhiteTitle "IM"]
[BlackTitle "GM"]
[WhiteElo "2518"]
[BlackElo "2587"]
[WhiteFideId "14204118"]
[BlackFideId "662399"]
[EventDate "2018.03.06"]

1. e4 e6 2. d4 d5 3. Nd2 Be7 4. e5 c5 5. c3 cxd4 6. cxd4 Qb6 7. Ndf3 Bb4+ 8. Bd2
Nc6 9. Bc3 Bd7 10. Qd2 Nge7 11. Bd3 O-O 12. Ne2 f6 13. O-O fxe5 14. Nxe5 Nxe5
15. Bxb4 Nxd3 16. Bxe7 Rf7 17. Ba3 Bb5 18. f4 Rc8 19. Rf3 Nb4 20. Bxb4 Bxe2 21.
Bc5 Rxc5 22. dxc5 Qxc5+ 23. Re3 Bg4 24. Rc1 Qb6 25. Rc8+ Rf8 26. Rxf8+ Kxf8 27.
h3 Bf5 28. Kh2 Be4 29. h4 h6 30. h5 Qd8 31. Qf2 Qf6 32. Rc3 Kg8 33. Kg1 Kh7 34.
Rc7 e5 35. fxe5 Qxe5 36. Rxb7 Qxh5 37. Qd2 Qg4 38. Rf7 a6 39. Rf2 Qg3 40. b4 Qe5
41. Qb2 Qg3 42. Qd4 Qc7 43. Qe3 Qe5 44. Rd2 Qa1+ 45. Kh2 Qc1 46. a4 Qc6 47. Qb3
Qf6 48. Kg1 Qb6+ 49. Rf2 Qd4 50. b5 Qa1+ 51. Rf1 Qd4+ 52. Rf2 Qa1+ 53. Kh2 Qe5+
54. Qg3 Qh5+ 55. Kg1 Qd1+ 56. Rf1 Qxa4 57. b6 Qb4 58. Qe3 a5 59. Rf7 Qb2 60. Qf2
Qa1+ 61. Kh2 Qe5+ 62. Kg1 Qa1+ 63. Qf1 Qd4+ 64. Qf2 Qa1+ 1/2-1/2

[Event "Reykjavik Open 2018"]
[Site "Reykjavik ISL"]
[Date "2018.03.08"]
[Round "4.10"]
[White "Grigoriants, Sergey"]
[Black "Haria, Ravi"]
[Result "0-1"]
[WhiteTitle "GM"]
[BlackTitle "IM"]
[WhiteElo "2568"]
[BlackElo "2424"]
[WhiteFideId "4130804"]
[BlackFideId "415820"]
[EventDate "2018.03.06"]

1. c4 e6 2. Nf3 d5 3. g3 Nf6 4. Bg2 d4 5. O-O c5 6. e3 Nc6 7. exd4 cxd4 8. d3
Bd6 9. a3 a5 10. Bg5 h6 11. Bxf6 Qxf6 12. Nbd2 O-O 13. Ne4 Qe7 14. Nxd6 Qxd6 15.
Rc1 e5 16. c5 Qg6 17. Re1 Re8 18. Qc2 Re7 19. Nd2 Bf5 20. Ne4 Bxe4 21. Rxe4 Rae8
22. Ree1 Kh8 23. Qc4 f5 24. b4 e4 25. dxe4 fxe4 26. Rcd1 axb4 27. axb4 d3 28. b5
Ne5 29. Qc1 Ng4 30. c6 bxc6 31. bxc6 Qh5 32. h3 Nxf2 33. Kxf2 e3+ 34. Kg1 d2 35.
Qc3 dxe1=Q+ 36. Rxe1 e2 37. Qf3 Qc5+ 38. Qf2 Qc3 39. Kh2 Re6 40. h4 Rf6 41. Qg1
Rd6 0-1

[Event "Reykjavik Open 2018"]
[Site "Reykjavik ISL"]
[Date "2018.03.08"]
[Round "4.11"]
[White "Adhiban, Baskaran"]
[Black "Risting, Eivind Olav"]
[Result "1-0"]
[WhiteTitle "GM"]
[BlackTitle "FM"]
[WhiteElo "2650"]
[BlackElo "2304"]
[WhiteFideId "5018471"]
[BlackFideId "1517333"]
[EventDate "2018.03.06"]

1. d4 Nf6 2. c4 e6 3. Nf3 d5 4. Nc3 Be7 5. Bf4 O-O 6. a3 Nbd7 7. Nb5 Ne8 8. e3
a6 9. Nc3 Nef6 10. cxd5 exd5 11. Bd3 Re8 12. O-O c6 13. h3 Nf8 14. Ne5 Bd6 15.
Bh2 c5 16. Kh1 cxd4 17. exd4 Ne6 18. Bc2 Qb6 19. Nxd5 Nxd5 20. Bxh7+ Kf8 21. Nc4
Qxd4 22. Bxd6+ Ne7 23. Qxd4 Nxd4 24. Nb6 Be6 25. Nxa8 Rxa8 26. Rad1 Nc6 27. Be4 1-0

[Event "Reykjavik Open 2018"]
[Site "Reykjavik ISL"]
[Date "2018.03.08"]
[Round "4.12"]
[White "Der Manuelian, Haik"]
[Black "L'Ami, Erwin"]
[Result "0-1"]
[BlackTitle "GM"]
[WhiteElo "2279"]
[BlackElo "2634"]
[WhiteFideId "2084015"]
[BlackFideId "1007998"]
[EventDate "2018.03.06"]

1. e4 e5 2. Nf3 Nc6 3. Bb5 a6 4. Ba4 d6 5. O-O Bd7 6. c3 Nge7 7. d4 Ng6 8. Re1
Be7 9. Nbd2 h6 10. Nf1 Bg5 11. Ng3 Bxc1 12. Rxc1 O-O 13. Nf5 b5 14. Bb3 Na5 15.
Bc2 Nc4 16. b3 Nb6 17. g3 Re8 18. Qd2 Qf6 19. N3h4 Nxh4 20. Nxh4 c5 21. Rcd1
Rac8 22. dxe5 dxe5 23. Nf5 Bxf5 24. exf5 Red8 25. Qc1 Rxd1 26. Rxd1 Rd8 27. a3
Rd6 28. Be4 Qd8 29. Rxd6 Qxd6 30. b4 Nc4 31. Bg2 cxb4 32. axb4 Qd3 33. Bb7 Nd6
34. Bxa6 Kf8 35. f6 gxf6 36. Qxh6+ Ke7 37. Qe3 Qd1+ 38. Kg2 Qd5+ 39. Kg1 Qc6 40.
Qa7+ Ke6 41. h4 Qxc3 42. Qb6 Qxb4 43. Kh2 Kf5 44. Qc6 Kg6 45. Kg2 Kg7 46. Kh3 f5
47. Qd5 Qe4 48. Qd1 Qc6 49. Qa1 f6 50. Kh2 Qc2 51. Qe1 Qa2 0-1

[Event "Reykjavik Open 2018"]
[Site "Reykjavik ISL"]
[Date "2018.03.08"]
[Round "4.13"]
[White "Doluhanova, Evgeniya"]
[Black "Gledura, Benjamin"]
[Result "1-0"]
[WhiteTitle "WGM"]
[BlackTitle "GM"]
[WhiteElo "2275"]
[BlackElo "2632"]
[WhiteFideId "14112035"]
[BlackFideId "712779"]
[EventDate "2018.03.06"]

1. e4 e5 2. Nf3 Nc6 3. Bb5 a6 4. Ba4 Nf6 5. O-O Be7 6. Re1 b5 7. Bb3 O-O 8. a4
Bb7 9. d3 d6 10. Bd2 b4 11. a5 Rb8 12. c3 Bc8 13. Ba4 bxc3 14. Bxc3 Bd7 15. Na3
Nb4 16. Bxd7 Nxd7 17. d4 Bf6 18. Qd2 Nc6 19. d5 Na7 20. b4 Nb5 21. Nxb5 Rxb5 22.
Rac1 Qa8 23. Qd3 Bd8 24. g4 g6 25. Bd2 f5 26. gxf5 gxf5 27. Ng5 Kh8 28. Qh3 Bxg5
29. Bxg5 Qa7 30. Be3 Qb7 31. Kh1 Rxb4 32. Bh6 Rxe4 33. Rxe4 Qxd5 34. Qg2 Rg8 35.
Rg4 1-0

[Event "Reykjavik Open 2018"]
[Site "Reykjavik ISL"]
[Date "2018.03.08"]
[Round "4.14"]
[White "Landa, Konstantin"]
[Black "Thorgeirsson, Jon Kristinn"]
[Result "1-0"]
[WhiteTitle "GM"]
[BlackTitle "FM"]
[WhiteElo "2613"]
[BlackElo "2298"]
[WhiteFideId "4101685"]
[BlackFideId "2307731"]
[EventDate "2018.03.06"]

1. Nf3 Nf6 2. g3 g6 3. Bg2 Bg7 4. d4 O-O 5. O-O d6 6. b3 c6 7. Bb2 Nbd7 8. Nbd2
Qc7 9. e4 e5 10. dxe5 dxe5 11. a4 b6 12. Qe2 a5 13. Rfd1 Ba6 14. Nc4 Rfe8 15.
Bf1 Bf8 16. Bc3 Bc5 17. h3 Qb8 18. Qe1 Ra7 19. Kg2 Bxc4 20. Bxc4 b5 21. axb5
cxb5 22. Bd5 b4 23. Bb2 Nb6 24. Bc6 Re6 25. Bb5 h6 26. Qe2 Kh7 27. Rd3 Qb7 28.
Re1 Qe7 29. Ba1 Ne8 30. Red1 Nd6 31. Bc6 Ne8 32. Bxe8 Qxe8 33. Rd8 Qe7 34. Nxe5
Rxe5 35. f4 Nd7 36. Rc8 Nb6 37. Rb8 Nd7 38. Rxd7 Rxd7 39. Bxe5 Rd8 40. Rxd8 Qxd8
41. Qd3 Qe7 42. Qd5 Bb6 43. Qd6 Qb7 44. Qd5 Qe7 45. Qc6 Qd8 46. Qd6 Qc8 47. Qxb6
Qxc2+ 48. Qf2 Qxb3 49. h4 Qd3 50. Qf3 Qb5 51. h5 a4 52. hxg6+ fxg6 53. Qe3 Qb7
54. Ba1 Qa6 55. Kf2 Kg8 56. Qd4 Kf7 57. Qxb4 Qd3 58. Qb7+ Ke8 59. Qc6+ Ke7 60.
Qf6+ Ke8 61. Qxg6+ Ke7 62. Qf6+ Ke8 63. Qe6+ Kf8 64. Qxh6+ 1-0

[Event "Reykjavik Open 2018"]
[Site "Reykjavik ISL"]
[Date "2018.03.08"]
[Round "4.15"]
[White "Ramirez, Alejandro"]
[Black "Kumar, Nikhil"]
[Result "1-0"]
[WhiteTitle "GM"]
[BlackTitle "FM"]
[WhiteElo "2568"]
[BlackElo "2277"]
[WhiteFideId "6500617"]
[BlackFideId "30909040"]
[EventDate "2018.03.06"]

1. Nf3 d5 2. c4 e6 3. b3 Nf6 4. Bb2 Be7 5. e3 O-O 6. Nc3 b6 7. cxd5 exd5 8. d4
Bb7 9. Bd3 c5 10. O-O Nbd7 11. Qe2 Rc8 12. Rfd1 Re8 13. Rac1 Bd6 14. Bf5 a6 15.
Na4 Rc7 16. Nd2 Qe7 17. Bh3 h6 18. Rc2 cxd4 19. Rxc7 Bxc7 20. Bxd4 b5 21. Nb2
Ne5 22. Nd3 Nc6 23. Nf3 Nxd4 24. Nxd4 Ne4 25. Rc1 Bb6 26. Qb2 Ng5 27. Bg4 Qe4
28. Nf4 g6 29. h4 Nh7 30. Bf3 Qe5 31. h5 Ng5 32. Bg4 Qf6 33. g3 Ne4 34. hxg6
fxg6 35. Bd7 Rf8 36. Qe2 g5 37. Nd3 Bxd4 38. exd4 Qxd4 39. Be6+ Kh8 40. Rc7 Ba8
41. Qh5 Qf6 42. Bf5 Nxg3 43. fxg3 Qb6+ 44. Nc5 Qxc7 45. Qxh6+ Kg8 46. Qxf8+ Kxf8
47. Ne6+ Ke7 48. Nxc7 Bb7 49. g4 d4 50. Ne6 d3 51. Kf2 d2 52. Ke2 1-0

[Event "Reykjavik Open 2018"]
[Site "Reykjavik ISL"]
[Date "2018.03.08"]
[Round "4.16"]
[White "Brunello, Sabino"]
[Black "Soham, Das"]
[Result "1-0"]
[WhiteTitle "GM"]
[WhiteElo "2542"]
[BlackElo "2275"]
[WhiteFideId "813613"]
[BlackFideId "35026763"]
[EventDate "2018.03.06"]

1. d4 f5 2. g3 Nf6 3. Bg2 g6 4. Nh3 Bg7 5. Nf4 Nc6 6. d5 Ne5 7. Nc3 c6 8. e4 d6
9. O-O O-O 10. h3 fxe4 11. Nxe4 Nxe4 12. Bxe4 e6 13. dxc6 bxc6 14. Bg2 d5 15.
Rb1 Nc4 16. b3 Rb8 17. h4 Nd6 18. Be3 e5 19. Nxd5 cxd5 20. Qxd5+ Kh8 21. Rbd1
Ba6 22. Qxd6 Bxf1 23. Bxf1 Qa5 24. Qe7 Bf6 25. Qxa7 Qxa7 26. Bxa7 Ra8 27. Rd7
Rfd8 28. Rf7 Rd1 29. Kg2 e4 30. Be3 Bg7 31. a4 Rc8 32. Bc4 Rb1 33. Bd5 Re8 34.
a5 Ra1 35. Rxg7 Rd1 36. Rd7 Re5 37. c4 1-0

[Event "Reykjavik Open 2018"]
[Site "Reykjavik ISL"]
[Date "2018.03.08"]
[Round "4.17"]
[White "Stefansson, Hannes"]
[Black "Loew, Gerald"]
[Result "1-0"]
[WhiteTitle "GM"]
[BlackTitle "FM"]
[WhiteElo "2533"]
[BlackElo "2204"]
[WhiteFideId "2300087"]
[BlackFideId "4615875"]
[EventDate "2018.03.06"]

1. e4 d6 2. d4 Nf6 3. Nc3 e5 4. Nf3 Nbd7 5. Bc4 Be7 6. O-O c6 7. a4 a5 8. h3 h6
9. Be3 Qc7 10. Nh4 g6 11. Ba2 Nf8 12. f4 exd4 13. Bxd4 Ne6 14. Bxe6 Bxe6 15. f5
Bc4 16. fxg6 Bxf1 17. Qxf1 O-O-O 18. g7 Rhg8 19. Bxf6 Rde8 20. Bxe7 Rxe7 21. Nf5
Re6 22. Qf2 Kb8 23. Rd1 Rd8 24. Ne2 Rg6 25. Nf4 Rg5 26. h4 1-0

[Event "Reykjavik Open 2018"]
[Site "Reykjavik ISL"]
[Date "2018.03.08"]
[Round "4.18"]
[White "Perelshteyn, Eugene"]
[Black "Cumming, Rhys"]
[Result "1-0"]
[WhiteTitle "GM"]
[WhiteElo "2513"]
[BlackElo "2155"]
[WhiteFideId "2012529"]
[BlackFideId "470163"]
[EventDate "2018.03.06"]

1. c4 Nf6 2. g3 g6 3. Bg2 Bg7 4. Nc3 c5 5. Nf3 O-O 6. O-O Nc6 7. d4 cxd4 8. Nxd4
Nxd4 9. Qxd4 d6 10. Qd3 Qa5 11. h3 Be6 12. Bd2 Qc7 13. b3 Nd7 14. Rac1 Ne5 15.
Qe3 Qd7 16. Kh2 Nc6 17. Rfd1 Rac8 18. Be1 b6 19. Nd5 h5 20. f4 Bf5 21. Bc3 f6
22. Qd2 Bh6 23. Ne3 Be6 24. Qd3 Kf7 25. h4 Nd8 26. Bb2 Kg7 27. Be4 Bf7 28. Nd5
e5 29. Nxf6 Kxf6 30. Bxe5+ Ke7 31. Qe3 dxe5 32. Rxd7+ Kxd7 33. Qd3+ Kc7 34. c5
Nb7 35. cxb6+ Kxb6 36. Qe3+ Nc5 37. b4 exf4 38. bxc5+ Kc7 39. Qa3 Bd5 40. Qxa7+
Kd8 41. Rd1 fxg3+ 42. Kh3 1-0

[Event "Reykjavik Open 2018"]
[Site "Reykjavik ISL"]
[Date "2018.03.08"]
[Round "4.19"]
[White "Navalgund, Niranjan"]
[Black "Hamitevici, Vladimir"]
[Result "0-1"]
[BlackTitle "GM"]
[WhiteElo "2275"]
[BlackElo "2512"]
[WhiteFideId "5030854"]
[BlackFideId "13902393"]
[EventDate "2018.03.06"]

1. d4 Nf6 2. c4 e6 3. Nc3 Bb4 4. e3 O-O 5. Bd3 d5 6. Nf3 dxc4 7. Bxc4 c5 8. O-O
cxd4 9. exd4 b6 10. Bg5 Bb7 11. Re1 Nbd7 12. Rc1 Rc8 13. Qb3 Bxc3 14. Rxc3 h6
15. Bh4 Bd5 16. Bxd5 Rxc3 17. Qxc3 Nxd5 18. Bxd8 Nxc3 19. Bxb6 Nxa2 20. Bxa7 Ra8
21. Bc5 Nxc5 22. dxc5 Rc8 23. Re5 Nb4 24. Ne1 Na6 25. Kf1 Nxc5 26. b4 Nd7 27.
Rb5 Kf8 28. Rb7 Ke7 29. Nd3 Kd6 30. Ke2 Rc2+ 31. Ke3 g5 32. Nc5 Ne5 33. h3 Ra2
34. g3 Kc6 35. Ke4 Nc4 36. Kf3 h5 37. Rb8 Ne5+ 38. Ke3 g4 39. h4 Nc4+ 40. Kd4
Nd6 41. Nd3 f6 42. Rf8 e5+ 43. Kc3 Ne4+ 44. Kb3 Rd2 45. Nb2 Rxf2 46. Nc4 Nxg3
47. Nxe5+ Kd5 48. Nd7 Ne4 49. Rg8 f5 50. Rg6 Rf1 51. Nb6+ Kd4 52. Rg8 Rb1+ 53.
Ka3 g3 54. Rd8+ Ke5 55. Nc4+ Kf4 56. Rg8 Nf6 57. Rg6 Ng4 0-1

[Event "Reykjavik Open 2018"]
[Site "Reykjavik ISL"]
[Date "2018.03.08"]
[Round "4.20"]
[White "Bartholomew, John"]
[Black "Maxion, Dirk"]
[Result "1-0"]
[WhiteTitle "IM"]
[BlackTitle "FM"]
[WhiteElo "2477"]
[BlackElo "2187"]
[WhiteFideId "2019353"]
[BlackFideId "4601777"]
[EventDate "2018.03.06"]

1. d4 Nf6 2. Nf3 g6 3. Bg5 Bg7 4. Nbd2 d6 5. c3 Nbd7 6. e3 h6 7. Bh4 O-O 8. Bd3
Qe8 9. O-O e5 10. e4 Nh5 11. Re1 Nf4 12. Bf1 Nb6 13. Qc2 Bd7 14. Rad1 f6 15. c4
c5 16. dxc5 dxc5 17. Nb1 Bg4 18. Qb3 Ne6 19. h3 Bxf3 20. Qxf3 Nd4 21. Qd3 Na4
22. Rd2 Rd8 23. Qa3 Qc6 24. b3 Nb6 25. Qb2 h5 26. Nc3 Bh6 27. Rdd1 Kg7 28. f3
Rf7 29. Bd3 Nd7 30. Nd5 Nf8 31. b4 Nfe6 32. Bf2 b6 33. b5 Qd7 34. Bf1 Nf4 35. a4
Kh7 36. a5 Qd6 37. axb6 axb6 38. Ra1 Rb8 39. Ra6 Nfe6 40. Rea1 Bg7 41. Ra7 Rbb7
42. Rxb7 Rxb7 43. Ra3 Nc7 44. Qa2 Nde6 45. Ra7 Rxa7 46. Qxa7 Nxd5 47. exd5 Qc7
48. Qa8 Nd8 49. Bd3 Bf8 50. g4 hxg4 51. hxg4 Kg7 52. Kg2 Bd6 53. Be3 Qb8 54. Qa1
Nf7 55. Qb1 Nh8 56. Qh1 Nf7 57. Qb1 Nh8 58. Qa2 Nf7 59. Qc2 Nh8 60. Qa4 Nf7 61.
Bb1 Bc7 62. Qc2 Nh8 63. Bd2 Qd8 64. Bc3 Kf7 65. Qe4 Qd6 66. Kf1 Qd7 67. Bd3 Bd6
68. Qe1 Qe7 69. Qe4 Qd7 70. Ke1 Qe7 71. Kd1 Kg8 72. Kc2 Qh7 73. f4 Qh2+ 74. Bd2
Qh3 75. fxe5 fxe5 76. Bc3 Qh2+ 77. Kb3 Qg3 78. Bc2 Kg7 79. Kb2 Kg8 80. Qe2 Kg7
81. Kb3 Nf7 82. Qe4 Nh8 83. Bb1 Kg8 84. Qe2 Kg7 85. Qa2 Nf7 86. Qa7 Qxg4 87.
Qxb6 Qd7 88. Qc6 Qxc6 89. dxc6 Bc7 90. Ka4 Nd8 91. Ba5 1-0

[Event "Reykjavik Open 2018"]
[Site "Reykjavik ISL"]
[Date "2018.03.08"]
[Round "4.21"]
[White "Kucuksari, Kaan"]
[Black "Cornette, Deimante"]
[Result "0-1"]
[WhiteTitle "FM"]
[BlackTitle "IM"]
[WhiteElo "2271"]
[BlackElo "2447"]
[WhiteFideId "6380166"]
[BlackFideId "12802859"]
[EventDate "2018.03.06"]

1. d4 Nf6 2. Nf3 e6 3. c4 b6 4. g3 Bb4+ 5. Bd2 Bxd2+ 6. Nbxd2 Bb7 7. Bg2 O-O 8.
O-O c5 9. e3 d6 10. Qc2 Nbd7 11. Rac1 Qe7 12. Rfd1 Rac8 13. a3 Rfd8 14. b4 d5
15. Qa4 dxc4 16. Nxc4 a6 17. b5 axb5 18. Qxb5 Bc6 19. Qb2 Ba4 20. Re1 b5 21.
Nce5 c4 22. Nxd7 Nxd7 23. Nd2 Nf6 24. Nb1 Nd5 25. Bxd5 exd5 26. Qb4 Qd7 27. Nc3
Rb8 28. Kg2 f5 29. Kf1 Bb3 30. Ke2 Qe8 31. f3 Qh5 32. Rh1 Qh6 33. Kf2 Qe6 34.
Rhe1 h6 35. Re2 Kh7 36. Ke1 Qd7 37. Kf2 Qe6 38. Rg1 h5 39. Rg2 Qd6 40. Rg1 Kg8
41. f4 Kf7 42. h3 g6 43. Ra1 Kg7 44. Ke1 Kf7 45. Kd2 Ke6 46. Rg2 Rh8 47. Rag1
Kd7 48. Kc1 Rhe8 49. Kd2 Qxb4 50. axb4 Kc6 51. g4 hxg4 52. hxg4 Re6 53. gxf5
gxf5 54. Rg6 Re8 55. R1g5 Kd7 56. Rg7+ Kc6 57. R7g6 Kd7 58. Rxe6 Kxe6 59. Nxb5
Rb8 60. Nc7+ Kd6 61. Na6 Rh8 62. Rg6+ Ke7 63. b5 Rh2+ 64. Kc3 Rc2+ 65. Kb4 Rb2
66. b6 Bd1+ 67. Kc3 Rc2+ 68. Kb4 Rb2+ 69. Ka3 c3 70. Nc5 Rb1 71. Re6+ Kf7 72.
Rc6 c2 73. Nd3 Rb3+ 74. Ka2 Rxd3 75. Kb2 Rb3+ 76. Kc1 Ke7 77. Kd2 Kd7 0-1

[Event "Reykjavik Open 2018"]
[Site "Reykjavik ISL"]
[Date "2018.03.08"]
[Round "4.22"]
[White "Roe, Simon J"]
[Black "Sundararajan, Kidambi"]
[Result "1/2-1/2"]
[BlackTitle "GM"]
[WhiteElo "2221"]
[BlackElo "2427"]
[WhiteFideId "401471"]
[BlackFideId "5005370"]
[EventDate "2018.03.06"]

1. c4 f5 2. Nf3 Nf6 3. g3 g6 4. Bg2 Bg7 5. d4 O-O 6. b4 c6 7. O-O d5 8. cxd5
cxd5 9. Bf4 Ne4 10. Be5 Bh6 11. Qb3 Be6 12. Bf4 Bxf4 13. gxf4 Nc6 14. Nc3 Qd6
15. e3 Qxb4 16. Rfc1 Qxb3 17. axb3 Rfc8 18. Na4 Na5 19. Rxc8+ Rxc8 20. Nc5 Nxc5
21. Rxa5 Ne4 22. Rxa7 Rc7 23. Bf1 Kg7 24. b4 h6 25. Bd3 Rc3 26. Ne5 Nd6 27. h4
Kf6 28. Kg2 Rb3 29. Ra4 Rb2 30. Kf3 g5 31. hxg5+ hxg5 32. fxg5+ Kxg5 33. Ra1 Bf7
34. Rg1+ Kf6 35. Nd7+ Ke6 36. Nc5+ Kf6 37. Nd7+ 1/2-1/2

[Event "Reykjavik Open 2018"]
[Site "Reykjavik ISL"]
[Date "2018.03.08"]
[Round "4.23"]
[White "Thorhallsson, Throstur"]
[Black "Ingvason, Johann"]
[Result "1-0"]
[WhiteTitle "GM"]
[WhiteElo "2419"]
[BlackElo "2126"]
[WhiteFideId "2300109"]
[BlackFideId "2301431"]
[EventDate "2018.03.06"]

1. d4 Nf6 2. c4 d6 3. Nc3 g6 4. e4 Bg7 5. f3 Nc6 6. d5 Nb8 7. Be3 Nbd7 8. Qd2 h6
9. Be2 c6 10. Nh3 Nc5 11. Nf2 Qa5 12. O-O Nfd7 13. Rac1 Nb6 14. Bd4 O-O 15. Bxg7
Kxg7 16. b3 f6 17. f4 Qb4 18. Nfd1 a5 19. Ne3 Nbd7 20. Kh1 Qb6 21. Rb1 Rf7 22.
Rf3 Nf8 23. Rg3 Kh8 24. Bg4 e6 25. dxe6 Ncxe6 26. Bxe6 Bxe6 27. f5 gxf5 28. exf5
Bd7 29. Ne4 Qb4 30. Qd4 a4 31. Nxf6 1-0

[Event "Reykjavik Open 2018"]
[Site "Reykjavik ISL"]
[Date "2018.03.08"]
[Round "4.24"]
[White "Birkisson, Bardur Orn"]
[Black "Norowitz, Yaacov"]
[Result "0-1"]
[WhiteTitle "CM"]
[BlackTitle "IM"]
[WhiteElo "2212"]
[BlackElo "2412"]
[WhiteFideId "2310597"]
[BlackFideId "2024799"]
[EventDate "2018.03.06"]

1. d4 Nf6 2. Nf3 e6 3. Bf4 c5 4. e3 cxd4 5. exd4 Qb6 6. Qc1 d5 7. Bd3 Bd7 8. O-O
Bb5 9. Bxb5+ Qxb5 10. Nbd2 Nc6 11. c3 Rc8 12. Qb1 Be7 13. Re1 O-O 14. Ne5 Nxe5
15. Bxe5 Nd7 16. Bg3 Nb6 17. Qc2 Qa4 18. Qd3 a6 19. Be5 Nd7 20. Bf4 Qb5 21. Qxb5
axb5 22. a3 Nb6 23. Rab1 Rc6 24. Nf3 f6 25. Re2 g5 26. Bd2 Nc4 27. Ne1 e5 28.
dxe5 fxe5 29. Nf3 Bf6 30. Bc1 g4 31. Ne1 Rd8 32. Nc2 d4 33. cxd4 exd4 34. Nb4 d3
35. Re1 Rcc8 36. Be3 Nxb2 0-1

[Event "Reykjavik Open 2018"]
[Site "Reykjavik ISL"]
[Date "2018.03.08"]
[Round "4.25"]
[White "Kvetny, Mark"]
[Black "Zhou, Aiden"]
[Result "1/2-1/2"]
[WhiteTitle "IM"]
[WhiteElo "2408"]
[BlackElo "1977"]
[WhiteFideId "24603929"]
[BlackFideId "2618826"]
[EventDate "2018.03.06"]

1. d4 Nf6 2. c4 g6 3. Nc3 Bg7 4. e4 d6 5. Be2 O-O 6. Bg5 h6 7. Be3 c5 8. d5 e6
9. Qd2 exd5 10. exd5 Kh7 11. h3 Re8 12. Bd3 b5 13. Nxb5 Ne4 14. Bxe4 Rxe4 15.
Rc1 a6 16. Na3 f5 17. Ne2 g5 18. Qc2 Kg8 19. O-O Re5 20. Rfe1 f4 21. Bd2 Bf5 22.
Qd1 Nd7 23. Kh2 Re7 24. Bc3 Ne5 25. Ng1 Bg6 26. Re2 Bf5 27. Re1 Bg6 28. Re2 Bf5
29. Re1 Bg6 30. Re2 Bf5 1/2-1/2

[Event "Reykjavik Open 2018"]
[Site "Reykjavik ISL"]
[Date "2018.03.08"]
[Round "4.26"]
[White "Thavandiran, Shiyam"]
[Black "Kristjansson, Atli Freyr"]
[Result "1-0"]
[WhiteTitle "IM"]
[WhiteElo "2399"]
[BlackElo "2123"]
[WhiteFideId "2605058"]
[BlackFideId "2302268"]
[EventDate "2018.03.06"]

1. e4 e5 2. Bc4 Nc6 3. Nc3 Nf6 4. d3 Na5 5. Nge2 Nxc4 6. dxc4 d6 7. O-O Be7 8.
b3 Be6 9. f4 exf4 10. Nxf4 O-O 11. Bb2 Qd7 12. h3 Rad8 13. Qf3 Qc6 14. Ncd5 Bxd5
15. exd5 Qc5+ 16. Kh1 Nd7 17. Nd3 Qb6 18. Qg4 g6 19. Rae1 f5 20. Rxe7 fxg4 21.
Rg7+ Kh8 22. Rxd7+ Kg8 23. Rg7+ Kh8 24. Rxg6+ 1-0

[Event "Reykjavik Open 2018"]
[Site "Reykjavik ISL"]
[Date "2018.03.08"]
[Round "4.27"]
[White "Johannsson, Orn Leo"]
[Black "Abrahamyan, Tatev"]
[Result "1/2-1/2"]
[BlackTitle "WGM"]
[WhiteElo "2206"]
[BlackElo "2369"]
[WhiteFideId "2303051"]
[BlackFideId "13301918"]
[EventDate "2018.03.06"]

1. d4 Nf6 2. Nf3 e6 3. Bg5 c5 4. e3 cxd4 5. exd4 Be7 6. c3 b6 7. Nbd2 Bb7 8. Bd3
O-O 9. O-O d6 10. Qe2 Nbd7 11. Ba6 Qc7 12. Rfc1 Rfe8 13. Nf1 Bf8 14. Ng3 h6 15.
Bd2 Bxa6 16. Qxa6 e5 17. a4 e4 18. Ne1 d5 19. c4 g6 20. a5 dxc4 21. Rxc4 Qd6 22.
Rac1 Qd5 23. Rc7 Bd6 24. R7c2 Bxg3 25. hxg3 Ng4 26. Rc7 Qxd4 27. Qe2 Ndf6 28.
Bf4 bxa5 29. R1c4 Qd5 30. R4c5 Qa2 31. Rb7 Rac8 32. Rxc8 Rxc8 33. f3 Qd5 34. Rb5
Qd4+ 35. Kh1 exf3 36. gxf3 Re8 37. Rb8 Rxb8 38. Bxb8 Ne3 39. Bf4 Nfd5 40. Bxh6
Qh8 41. Qh2 Nf1 42. Qh4 Qxb2 43. Kg1 Nde3 44. Qd8+ Kh7 45. Bxe3 Nxe3 46. Qe7 Qb3
47. Qh4+ Kg7 48. Qd4+ Kg8 49. Qd8+ Kg7 50. Qd4+ Kg8 51. Qd8+ 1/2-1/2